000 00405cam a2200157ua 4500
041 _aeng
_h
082 _a144
_bYOL/ES
100 _aYolton, John.W .
245 _aEssay concerning human understanding, Vol 2 /
_cW.John Yolton.
_hTextual Documents
250 _a1 /
_b.
260 _aLondon :
_bJ M Dent and Sons Ltd ,
_c1961.
300 _a314 ; .
504 _a
942 _cBK
999 _c2356
_d2356